Top 3 Melhores Futebolistas Sul-americanos por Ano - Statistics

Estatísticas Gerais
  • Esse quiz foi jogado 282 vezes
    55 desde o último reset
  • A pontuação média é 24 de 78
Estatísticas das Respostas
Ano # Nacionalidade Resposta % Correto
2010 Brasil Neymar
91%
2011 Brasil Neymar
91%
2012 Brasil Neymar
91%
2013 Brasil Neymar
91%
2019 Brasil Gabriel Barbosa
74%
2021 Brasil Gabriel Barbosa
74%
2019 Uruguai Giorgian De Arrascaeta
70%
2022 Uruguai Giorgian De Arrascaeta
70%
2023 Uruguai Luis Suárez
68%
2000 Argentina Juan Román Riquelme
62%
2001 Argentina Juan Román Riquelme
62%
2008 Argentina Juan Román Riquelme
62%
2012 Peru Paolo Guerrero
55%
2017 Peru Paolo Guerrero
55%
2000 Brasil Romário
55%
2001 Brasil Romário
55%
2019 Brasil Bruno Henrique
53%
2016 Colômbia Miguel Borja
47%
2024 Brasil Luiz Henrique
45%
2003 Argentina Carlos Tévez
43%
2004 Argentina Carlos Tévez
43%
2005 Argentina Carlos Tévez
43%
2015 Argentina Carlos Tévez
43%
2014 Uruguai Carlos Sánchez
40%
2015 Uruguai Carlos Sánchez
40%
2023 Argentina Germán Cano
40%
2022 Brasil Pedro
38%
2020 Paraguai Gustavo Gómez
36%
2021 Paraguai Gustavo Gómez
36%
2008 Argentina Juan Sebastián Verón
34%
2009 Argentina Juan Sebastián Verón
34%
2010 Argentina Juan Sebastián Verón
34%
2020 Brasil Marinho
34%
2024 Venezuela Jefferson Savarino
32%
2013 Brasil Ronaldinho Gaúcho
32%
2021 Argentina Julián Álvarez
28%
2022 Argentina Julián Álvarez
28%
2023 Uruguai Nicolás de la Cruz
28%
2011 Brasil Paulo Henrique Ganso
28%
2011 Chile Eduardo Vargas
23%
2016 Venezuela Alejandro Guerra
21%
2000 Argentina Martín Palermo
21%
2004 Brasil Robinho
21%
2017 Brasil Arthur Melo
19%
2018 Argentina Pity Martínez
19%
2010 Argentina Andrés D'Alessandro
17%
2017 Brasil Luan Guilherme
17%
2012 Brasil Lucas Moura
17%
2020 Argentina Nacho Fernández
17%
2003 Brasil Diego
15%
2005 Uruguai Diego Lugano
15%
2007 Paraguai Salvador Cabañas
15%
2008 Paraguai Salvador Cabañas
15%
2002 Paraguai José Cardozo
9%
2003 Paraguai José Cardozo
9%
2018 Colômbia Juan Quintero
9%
2024 Colômbia Juan Quintero
9%
2013 Argentina Maxi Rodríguez
9%
2006 Argentina Rodrigo Palacio
9%
2007 Paraguai Claudio Morel Rodríguez
6%
2018 Argentina Franco Armani
6%
2016 Brasil Gabriel Jesus
6%
2004 Argentina Javier Mascherano
6%
2004 Argentina Lucho González
6%
2006 Chile Matías Fernández
6%
2014 Colômbia Teófilo Gutiérrez
6%
2005 Brasil Cicinho
4%
2015 Equador Miller Bolaños
4%
2000 Colombia Óscar Córdoba
4%
2001 Colombia Óscar Córdoba
4%
2002 Uruguai Alejandro Lembo
2%
2009 Equador Édison Méndez
2%
2006 Argentina Fernando Gago
2%
2007 Argentina Hugo Ibarra
2%
2009 Chile Humberto Suazo
2%
2009 Argentina Leandro Desábato
2%
2014 Argentina Leonardo Pisculichi
2%
2002 Uruguai Sergio Órteman
2%
Nenhum quiz correspondente encontrado
Distribuição das Pontuações
Porcentagem de Pessoas com Cada Pontuação
Percentil de Números Respondidos
Sua Pontuação Histórica
Você não jogou esse quiz desde o último reset